The invisible spy : By Explorabilis. In two volumes.

Bibliographic Details
Main Author: Haywood, Eliza Fowler, 1693?-1756
Format: eBook
Language:English
Edition:Second edition. ..
Series:Eighteenth century collections online.
Subjects:
Online Access:Full text online

MARC

Tag First Indicator Second Indicator Subfields
LEADER 00000cam a2200000 4500
001 in00001925790
006 m | d |
007 cr |n||||||||n
008 820210s1759 enk|||| s 00||||eng d
005 20260403173836.1
035 |a (CStRLIN)ESTCT134310 
040 |a Uk-ES  |c Uk-ES  |d CStRLIN  |d Thomson Gale  |d UtOrBLW 
100 1 |a Haywood, Eliza Fowler,  |d 1693?-1756. 
245 1 4 |a The invisible spy :  |b By Explorabilis. In two volumes. 
246 0 7 |a Invisible spy 
250 |a Second edition. .. 
264 3 |a London :  |b printed for T. Gardner,  |c 1759. 
300 |a 2 volumes ;  |c 12⁰. 
336 |a text  |b txt  |2 rdacontent 
337 |a computer  |b c  |2 rdamedia 
338 |a online resource  |b cr  |2 rdacarrier 
500 |a Explorabilis = Eliza Haywood. 
500 |a Reproduction of original from the British Library. 
510 4 |a English Short Title Catalog,  |c ESTCT134310. 
533 |a Electronic reproduction.  |b Farmington Hills, Mich. :  |c Thomson Gale,  |d 2003.  |n Available via the World Wide Web.  |n Access limited by licensing agreements  |7 s2003 miunns 
500 |a Electronic resource. 
650 0 |a Child rearing  |z England  |v Early works to 1800. 
650 0 |a Parent and child  |z England  |v Early works to 1800. 
650 0 |a Man-woman relationships  |v Early works to 1800. 
830 0 |a Eighteenth century collections online. 
856 4 0 |u http://proxy.library.tamu.edu/login?url=https://galenet.galegroup.com/servlet/ECCO?c=1&stp=Author&ste=11&af=BN&ae=T134310&tiPG=1&dd=0&dc=flc&docNum=CW110858944&vrsn=1.0&srchtp=a&d4=0.33&n=10&SU=0LRK&locID=txshracd2898  |z Full text online  |t 0 
999 |a MARS 
999 f f |s a1ae34eb-6692-39d3-bb39-23fd02c36092  |i d34eb15e-3607-36c5-ad73-bc6d0218bc91  |t 0 
952 f f |a Texas A&M University  |b College Station  |c Electronic Resources  |s www_evans  |d Available Online  |t 0  |h No information provided 
998 f f |t 0  |l Available Online